000 01059nam a2200253 a 4500
001 64386
003 BD-RjUL
005 20211209081313.0
008 170214s1988 nyu b i100 0 eng d
020 _a9211122473
035 _a(BD-RjUL)64516
040 _aDLC
_cDLC
_dDLC
_dBD-RjUL
_beng
041 0 _aengara
082 0 0 _a338.926091724
_223
_bTEC 1988
245 0 0 _aTechnology policies for development and selected issues for action :
_bproceedings of a seminar organized by Islamic Development Bank and UNCTAD, Jeddah, Saudi Arabia (10 to 17 November 1986) /
_cUnited Nations Conference on Trade and Development.
260 _aNew York :
_bUnited Nations,
_c1988.
300 _axxvii, 267 p. ;
_c24 cm.
504 _aIncludes bibliographical references.
650 0 _aTechnology transfer
_zDeveloping countries
_xCongresses.
_9191077
650 0 _aTechnology and state
_zDeveloping countries
_xCongresses.
_9191078
710 2 _aIslamic Development Bank.
_9176277
710 2 _aUnited Nations Conference on Trade and Development.
_9191079
942 _2ddc
_cBK
999 _c64386
_d64386